• 首页
  • 本馆介绍
  • 公告通知
  • 最新文献
  • 馆藏检索
  • 电子资源
  • 读者导购
  • 参考咨询
  • 我的图书馆
  • 登录
  • 详细信息显示
  • 放入我的书架
  • 预约/预借图书
  • 作者相关作品
  • 分类相关作品
  • 丛书相关作品
  • 出版社相关作品

书目信息

  • 表格格式
  • 工作单格式
  • 卡片格式
题名:
怎样选用扬声器
    
 
作者: 王以真 编著
分册:  
出版信息: 北京   人民邮电出版社  1985
页数: 229页
开本: 19cm
丛书名: 无线电爱好者丛书
单 册:
中图分类: TN643
科图分类:
主题词: 扬声器
电子资源:
ISBN:
000 00716nam2 2200265 45
001 0185020619
005 20040518090228.1
010    @dCNY1.20
091    @a15045.总3025-无6328
100    @a19900921d1985 em y0chiy0121 ea
101 0  @achi
102    @aCN@b110000
105    @ay em 000yy
106    @ar
200 10 @a怎样选用扬声器@Azen yang xuan yong yang sheng qi@f王以真编著
210    @a北京@c人民邮电出版社@d1985
215    @a229页@d19cm
225 2  @a无线电爱好者丛书
410  0 @120010@a无线电爱好者丛书
606    @a扬声器
690    @aTN643@v3 
701  0 @a王以真@Awang yi zhen@4编著
801  0 @aCN@b深圳图书馆@c20040518
801  2 @aCN@bNLC@c20040518
905    @f2@b142557-558@dTN643@e34
    
    怎样选用扬声器/王以真编著.-北京:人民邮电出版社,1985
    229页;19cm.-(无线电爱好者丛书)
    
    
    ISBN :CNY1.20
    
●
相关链接 在E读中查询图书 在五车中查询图书 在当当中查询图书 在豆瓣中查询图书


正题名:怎样选用扬声器     索取号:TN643/34         预约/预借

序号 登录号 条形码 馆藏地/架位号 状态 备注
1 0142557   001354484   第三借阅区/ [索取号:TN643/34] 在馆    
2 0142558   001354448   密集书库/ [索取号:TN643/34] 在馆    
3 0142559   202106158   第二样本阅览室/ [索取号:TN643/34] 在馆    
唐山师范学院图书馆 欢迎您!
大连网信软件有限公司© 版权所有